Регионална библиотека "Любен Каравелов" - Русе

Учебникъ по нотно пение (Запис номер 317028)

MARC детайли
000 -Лидер
Контролно поле с фиксирана дължина 01338ncm a2200373 c 4500
003 - Код на организацията, давaща контролен номер
Контролно поле BLK
005 - Дата и час на последна редакция
Контролно поле 20250123102011.0
008 - Елементи от данни с фиксирана дължина
fixed length control field 180414b bul |a|er|||| |0| c|bulo|
010 ## - Наследен системен номер
LC control number NOT00003245000
040 ## - Източник на каталожния запис
Идентификатор на билиотеката - собственик на записа BLK
041 ## - Код за език
Код за езика на текст/звукозапис или на отделно заглавие Български
Код за езика КДБФ Български
080 ## - УДК
Текстов определител УДК Учебна литература. Упражнения гами, солфежи, етюди, диктовки
УДК код - определител по УДК 78.087.5
УДК определител (075)
УДК - код + определител 78.087.5(075)
100 1# - Редна дума - Автор
Автор Паунов, Атанас Иванов
Авторска отговорност първи автор
R(LIN) 387434
139 ## - Редно поле
Редна дума Паунов, Атанас Иванов
Авторски знак Пау - П 29
245 10 - Сведения за заглавието
Заглавие Учебникъ по нотно пение
Подзаглавни данни За втори и трети класове
Редно поле (дума) Атанас Иванов Паунов.
250 ## - Област на изданието
Сведения за изданието 2. попр. и доп. изд.
257 ## - Страна на издаване
Страна на създаване/издаване България
260 ## - Област на издателските данни
Име на издателя, разпространителя и проч. Ст. Ив. Роглев
Година на издаване 1890
300 ## - Физическа характеристика
Страници 112 с.
Размери/Мащаб 28 см
380 ## - Жанр
Жанр Изкуство
500 ## - Общи забележки
Забележка Редки и ценни
650 #4 - Допълнително описание по предмет – тема
Основно описание – тема или топоним Музика - учебници за основни училища
9 (RLIN) 246578
653 ## - Ключова дума – ненормативна
Ключова дума музика
653 ## - Ключова дума – ненормативна
Ключова дума пеене
653 ## - Ключова дума – ненормативна
Ключова дума учебници
852 ## - Местоположение
Форматна сигнатура Цб М ІІ 11815
Част 0
852 ## - Местоположение
Форматна сигнатура К 78/П 29 И
856 4# - Електронен адрес и достъп
Електронен формат pdf - файл
Път до файла /url/
856 4# - Електронен адрес и достъп
Електронен формат pdf - файл
Път до файла /url/
999 ## - СИСТЕМНИ КОНТРОЛНИ НОМЕРА
Koha biblionumber 317028
Koha biblioitemnumber 317028
942 ## - АРТИКУЛИ
Вид на библиотечния материал Нотни издания
Скрит в OPAC Не
Периодичен библиозапис Да
Koha issues (borrowed), all copies 1
944 ## - СЪЗДАВАНЕ И РЕДАКЦИЯ на ЗАПИСА
Създаване/Редакция Създаване
Дата на регистрацията/редакция 10.09.2010
Служител, извършил регистрацията/редакцията 30558
Статус, дата на статуса Валя Йорданова
944 ## - СЪЗДАВАНЕ И РЕДАКЦИЯ на ЗАПИСА
Създаване/Редакция Редакция
Дата на регистрацията/редакция 10.09.2010
999 ## - СИСТЕМНИ КОНТРОЛНИ НОМЕРА
Koha biblioitemnumber 317028
Наличности
Код за отписване Код за изгубен артикул Източник на класификационната схема Код за повреда Коз за рестрикции Код за отдаване Артикулен № Име на библиотеката - собственик Име на библиотеката, в която се намира в момента Статус (Текущо местоположение) Дата на вписване в системата Местоположение - отдел Цена в лева Инвентарен номер Систематично азбучна сигнатура Баркод Номер на екземпляра Цена в евро Служебна бележка Служебен тип на артикула
  Не е изгубен Universal Decimal Classification Не е повреден без рестрикции заемане за дома 669931 Регионална библиотека "Любен Каравелов" Русе Регионална библиотека "Любен Каравелов" Русе Краезнание 1950-01-01 Краезнание 0.09 14933 К 78/П 29 И 900000024198 1 0.05 N: стар фонд Дата: 01.01.1950 Бележки инв: Ирена_Линк Съставил: Ирена_Линкова Нотни издания
  Не е изгубен Universal Decimal Classification Не е повреден без рестрикции ползва се в читалня 669932 Регионална библиотека "Любен Каравелов" Русе Регионална библиотека "Любен Каравелов" Русе Хранилище 1950-01-01 Хранилище 0.09 14933-а Цб М ІІ 11815 900000024197 2 0.05 N: стар фонд Дата: 01.01.1950 Бележки инв: Ирена_Линк Съставил: Ирена_Линкова Нотни издания
Vip Innovations Ltd, Rousse, Bulgaria 2025